| 000 | 00656nam a2200217 4500 | ||
|---|---|---|---|
| 001 | 109316 | ||
| 003 | ES-MaACL | ||
| 005 | 20230906184824.0 | ||
| 007 | t| | ||
| 008 | 061121s1959 sp r ||||1| spa d | ||
| 100 | 1 |
_aOlivier, Daría. _986887 |
|
| 245 | 1 | 4 |
_aLas nieves de diciembre / _cDaría Olivier ; versión castellana de Eduardo Bittini Garrido. |
| 250 | _a[1ª ed.]. | ||
| 260 |
_aBarcelona : _bLuis de Caralt, _c1959. |
||
| 300 |
_a391 p. ; _c20 cm. |
||
| 490 | 1 | _aLa Novela histórica | |
| 700 | 1 |
_aBittini, Eduardo. _929030 |
|
| 830 | 0 |
_aLa Novela histórica _9182621 |
|
| 852 |
_aES-MaACL _jC-16113 _bR.44171 |
||
| 999 |
_c109316 _d109316 |
||